Dictionnaire critique et documentaire des peintres, sculpteurs, dessinateurs et graveurs de tous les temps et de tous les pays (Record no. 5673)

MARC details
000 -CABECERA
campo de control de longitud fija 00988nam a2200265 a 4500
001 - NÚMERO DE CONTROL
campo de control BRCA_5984
005 - FECHA Y HORA DE LA ÚLTIMA TRANSACCIÓN
campo de control 20190320205304.0
008 - DATOS DE LONGITUD FIJA--INFORMACIÓN GENERAL
campo de control de longitud fija 290311s1924----fr-a######---#000-0#fre-#
041 ## - CÓDIGO DE LENGUA
Código de lengua del texto/banda sonora o título independiente fre
044 ## - CÓDIGO DEL PAÍS DE LA ENTIDAD EDITORA/PRODUCTORA
Código MARC del país fr
050 #4 - SIGNATURA TOPOGRÁFICA DE LA BIBLIOTECA DEL CONGRESO
Número de clasificación ND35
Número de documento/Ítem .B46 1924
100 1# - ENTRADA PRINCIPAL--NOMBRE DE PERSONA
Nombre de persona Bénézit, Emmanuel
Fechas asociadas al nombre 1854-1920
9 (RLIN) 6228
245 10 - MENCIÓN DE TÍTULO
Título Dictionnaire critique et documentaire des peintres, sculpteurs, dessinateurs et graveurs de tous les temps et de tous les pays
Mención de responsabilidad, etc. par un groupe d´écrivains spécialistes français et étrangers sous la direction de E. Benezit.
260 ## - PUBLICACIÓN, DISTRIBUCIÓN, ETC.
Lugar de publicación, distribución, etc. París
Nombre del editor, distribuidor, etc. E. Grund
Fecha de publicación, distribución, etc. 1924
300 ## - DESCRIPCIÓN FÍSICA
Extensión 3 v.
Otras características físicas il.
Dimensiones 25 cm.
500 ## - NOTA GENERAL
Nota general Diccionario inventariado por Banco de México como libro
500 ## - NOTA GENERAL
Nota general G97
501 ## - NOTA DE "CON"
Nota de “Con” Contenido: v.1. A-C. -- v.2. D-K. -- v.3. L-Z
650 14 - PUNTO DE ACCESO ADICIONAL DE MATERIA--TÉRMINO DE MATERIA
Término de materia o nombre geográfico como elemento de entrada Pintores
Subdivisión de forma Diccionarios
9 (RLIN) 15116
650 14 - PUNTO DE ACCESO ADICIONAL DE MATERIA--TÉRMINO DE MATERIA
Término de materia o nombre geográfico como elemento de entrada Escultores
Subdivisión de forma Diccionarios
9 (RLIN) 15117
650 14 - PUNTO DE ACCESO ADICIONAL DE MATERIA--TÉRMINO DE MATERIA
Término de materia o nombre geográfico como elemento de entrada Grabadores
Subdivisión de forma Diccionarios
9 (RLIN) 15118
650 14 - PUNTO DE ACCESO ADICIONAL DE MATERIA--TÉRMINO DE MATERIA
Término de materia o nombre geográfico como elemento de entrada Enciclopedias y diccionarios
9 (RLIN) 9441
902 ## - CATALOGADOR
Iniciales GFM
942 ## - ELEMENTOS DE PUNTO DE ACCESO ADICIONAL (KOHA)
Fuente del sistema de clasificación o colocación Library of Congress Classification
Tipo de ítem Koha Libros
Holdings
Estado de retiro Estado de pérdida Estado dañado No para préstamo Localización permanente Ubicación/localización actual Fecha de adquisición Número de inventario Total de préstamos Signatura topográfica completa Código de barras Fecha visto por última vez Precio válido a partir de Tipo de ítem Koha
El ejemplar forma parte de la colección y puede ser consultado según las políticas vigentes.       Biblioteca del Museo Franz Mayer (Rogerio Casas-Alatriste) Biblioteca del Museo Franz Mayer (Rogerio Casas-Alatriste) 29/03/2011 G97   ND35 .B46 1924 (G97) 6423 22/03/2019 22/03/2019 Libros